Bụ́kụ́ í́jọ̃ ụ̃kụ rĩ agá tõwú rĩ kî : (Record no. 1616)
[ view plain ]
| 000 -LEADER | |
|---|---|
| fixed length control field | 01460cam a2200373 i 4500 |
| 001 - CONTROL NUMBER | |
| control field | data |
| 005 - DATE AND TIME OF LATEST TRANSACTION | |
| control field | 20260322212109.0 |
| 008 - FIXED-LENGTH DATA ELEMENTS--GENERAL INFORMATION | |
| fixed length control field | data |
| 035 ## - SYSTEM CONTROL NUMBER | |
| System control number | 22007961 |
| 010 ## - LIBRARY OF CONGRESS CONTROL NUMBER | |
| LC control number | 2021316272 |
| 040 ## - CATALOGING SOURCE | |
| Original cataloging agency | DLC |
| Language of cataloging | eng |
| Transcribing agency | DLC |
| Description conventions | rda |
| 041 0# - LANGUAGE CODE | |
| Language code of text/sound track or separate title | eng |
| -- | eng |
| 042 ## - AUTHENTICATION CODE | |
| Authentication code | lcode |
| -- | lcode |
| 050 00 - LIBRARY OF CONGRESS CALL NUMBER | |
| Classification number | BS1200.A42 |
| Item number | B85 2020 |
| 245 00 - TITLE STATEMENT | |
| Title | Bụ́kụ́ í́jọ̃ ụ̃kụ rĩ agá tõwú rĩ kî : |
| Remainder of title | Í'dón̳, Ãfũn̳á, Ãzị́tán̳á, Amvin̳á, Rụ́tụ̃ Ị́jó U'bén̳á = Five of the Old testament books : Genesis, Exodus, Deuteronomy, Ruth, Proverbs. |
| 246 31 - VARYING FORM OF TITLE | |
| Title proper/short title | Five of the Old testament books : |
| Remainder of title | Genesis, Exodus, Deuteronomy, Ruth, Proverbs |
| 264 #1 - PRODUCTION, PUBLICATION, DISTRIBUTION, MANUFACTURE, AND COPYRIGHT NOTICE | |
| Place of production, publication, distribution, manufacture | Kampala : |
| Name of producer, publisher, distributor, manufacturer | Wycliffe Bible Translators, Inc. in cooperation with H.I.E., Here is Life!, |
| Date of production, publication, distribution, manufacture, or copyright notice | 2020. |
| 300 ## - PHYSICAL DESCRIPTION | |
| Extent | vii, 312 pages : |
| Other physical details | illustrations ; |
| Dimensions | 21 cm |
| 336 ## - CONTENT TYPE | |
| Content type term | text |
| Content type code | txt |
| Source | rdacontent |
| 337 ## - MEDIA TYPE | |
| Media type term | unmediated |
| Media type code | n |
| Source | rdamedia |
| 338 ## - CARRIER TYPE | |
| Carrier type term | volume |
| Carrier type code | nc |
| Source | rdacarrier |
| 546 ## - LANGUAGE NOTE | |
| Language note | Text in Aringa, parallel title in English. |
| 630 00 - SUBJECT ADDED ENTRY--UNIFORM TITLE | |
| Uniform title | Bible. |
| Name of part/section of a work | Genesis. |
| 630 00 - SUBJECT ADDED ENTRY--UNIFORM TITLE | |
| Uniform title | Bible. |
| Name of part/section of a work | Exodus. |
| 630 00 - SUBJECT ADDED ENTRY--UNIFORM TITLE | |
| Uniform title | Bible. |
| Name of part/section of a work | Deuteronomy. |
| 630 00 - SUBJECT ADDED ENTRY--UNIFORM TITLE | |
| Uniform title | Bible. |
| Name of part/section of a work | Ruth. |
| 630 00 - SUBJECT ADDED ENTRY--UNIFORM TITLE | |
| Uniform title | Bible. |
| Name of part/section of a work | Proverbs. |
| 710 2# - ADDED ENTRY--CORPORATE NAME | |
| Corporate name or jurisdiction name as entry element | Wycliffe Bible Translators, |
| Relator term | issuing body. |
| 710 2# - ADDED ENTRY--CORPORATE NAME | |
| Corporate name or jurisdiction name as entry element | Here is Life! (Organization), |
| Relator term | issuing body. |
| 906 ## - LOCAL DATA ELEMENT F, LDF (RLIN) | |
| a | 7 |
| b | cbc |
| c | origode |
| d | 3 |
| e | ncip |
| f | 20 |
| g | y-gencatlg |
| 925 0# - | |
| -- | acquire |
| -- | 1 shelf copy |
| -- | policy default |
| 985 ## - | |
| -- | ODE-nb |
| Withdrawn status | Lost status | Damaged status | Not for loan | Home library | Current library | Shelving location | Date acquired | Total checkouts | Full call number | Barcode | Date last seen | Price effective from | Koha item type |
|---|---|---|---|---|---|---|---|---|---|---|---|---|---|
| Institut Protestant de Théologie | Institut Protestant de Théologie | General stacks | 22/03/2026 | BS1200.A42 | LOC-IPT-00007 | 22/03/2026 | 22/03/2026 | Books |